| 000 | 01330nam2a22002531 4500 | ||
|---|---|---|---|
| 001 | RU\NLR\INFOCOMM31\5000058819 | ||
| 005 | 20250617021716.0 | ||
| 035 | _a(NLR Aleph) 002371885 | ||
| 090 |
_a4574735 _c4574735 |
||
| 100 | _a20041206d1968 |||y0rusy50 ca | ||
| 101 | 0 | _arus | |
| 102 | _aRU | ||
| 105 | _ay ||||000|y | ||
| 200 | 1 |
_aОтделка гардинного тюля с рашель-машин _fК.В. Панов |
|
| 210 |
_d1968 _aБ. м. |
||
| 461 | 0 |
_1001RU\NLR\INFOCOMM31\5000058750 _12001#$aТекстильно-галантерейная промышленность$fГос. Ком. Совета Министров СССР по координации науч.-исслед. работ. Центр. ин-т науч.-техн. информации легкой пром.$v1968, 1(32) _94574655 _cМ. _d1961-1969 _fГос. Ком. Совета Министров СССР по координации науч.-исслед. работ. Центр. ин-т науч.-техн. информации легкой пром. _tТекстильно-галантерейная промышленность _v1968, 1(32) |
|
| 700 | 1 |
_aПанов _bК.В. _4070 |
|
| 801 | 1 |
_aRU _bInfoComm _c20041206 |
|
| 801 | 0 |
_aRU _bNLR _gPSBO |
|
| 852 |
_aNLR _jП10/2484 |
||
| 942 | _cISSUE | ||
| 980 | _aNB | ||
| 980 | _aRUSPER | ||